00442nam a2200157Ia 450000500170000000800410001702000160005804100120007408200150008610000520010124500550015325000080020826000410021650000080025765000190026520240823012440.0240823s9999||||xx |||||||||||||| ||und|| a019565118-9 aENGLISH A800.354 P2 a"Department of English,University of Delhi Ed." 0aModern Indian Literature : Poems and Short Stories a1st c2002bOxford University aNew Delhi aYES aStorybEnglish